000
00223 a2200097 4500
001
58515
100
_a
245
_a
Successful childrens successful teaching
260
_a
UK
_b
Open Unviersity
_c
1998
090
_c
35887
_d
35887
942
_a
NUST-CAE
_c
_c
28765
999
_c
293588
_d
293588